000 00765nam a2200229 4500
001 44603
003 BD-RjUL
005 20211209053904.0
008 160718s1963 B ||||| |||| 00| 0 BEN d
020 _c4.00
035 _a(BD-RjUL) 44721
040 _aBD-RjUL
_bben
_cBD-RjUL
_dben
041 _aben
082 _223
_a297.2113
_bTAW 1963
245 _aতাওহীদের মর্মবাণী /
260 _aপাবনা :
_bবেগম আছিয়া খাতুন,
_c১৯৬৩
300 _a১৬৬ পৃ. ;
_c২২ সেমি.
650 _aতাওহীদ
_9124999
650 _aTawhid
_9125000
700 _aছিদ্দিকী, মোহান্মদ আব্দুল জব্বার
_9136830
942 _2ddc
_cBK
999 _c44603
_d44603